000 01486nam a22002777a 4500
001 9930
003 FISKH
005 20260317130232.0
008 260317b cb ||||| |||| 00| 0 eng d
040 _aFISKH
_beng
_cFISKH
_dFISKH
050 _aBF575 .M44 .G74
082 _a152.4
100 _aGreive, Bradley Trevor
_eAuthor
245 _aThe blue day book :
_bA lesson in cheering yourself up /
_cBradley Trevor Greive
260 _aKansas :
_bMcMeel Universal Company ,
_c2000
300 _a92 pages :
_bphotographs ;
_c16 cm
490 _aBlue day book series :
_v1
505 _aN
520 _aNineteen years after its first printing, Bradley Trevor Greive's global bestseller The Blue Day Book has become a modern classic and is still bringing smiles to readers around the world. And because we all still have bad days now and then, the time is right for an illustrated edition of this uniquely funny, compassionate book that inspired an entire genre of uplifting gift books. This special edition features stunning new illustrations created by Claire Keane, the artist and animator who created the art for Disney's Frozen. Still included, of course, are the original, warm, supportive messages and humorous insights guaranteed to raise the spirits of anyone feeling down and blue.
521 8 _a550
_bLexile estimate
521 8 _aN
_bRaz-Plus
650 _aInspirational
_vFeelings
650 _aEmotions
_vSelf-help
942 _2ddc
_cBK
_n0
999 _c9930
_d9930